Cuestiones sobre la compraventa en el Cd̤igo Civil Principios Europeos y Draft

Detalles Bibliográficos
Autor principal: Gm̤ez Laplaza, Mara̕ del Carmen
Formato: eBook
Lenguaje:español
Publicado: Madrid : Dykinson, 2012
Materias:
Acceso en línea:http://www.vlex.com/source/6947

MARC

LEADER 00000nam a22000007a 4500
005 20130502181044.0
007 cr|||| ||||
008 130502e2012 sp |||||s|||| 00||0 spa d
020 |a 978-84-15455-35-6 
035 |a 6947 
040 |a vLex 
090 |c 4251  |d 4251 
100 1 0 |a Gm̤ez Laplaza, Mara̕ del Carmen  
245 1 0 |a Cuestiones sobre la compraventa en el Cd̤igo Civil  |b Principios Europeos y Draft  |c / M.® del Carmen Gm̤ez Laplaza   |h [Recurso electrn̤ico] 
256 |a Servicio en ln̕ea 
260 |a Madrid :  |b Dykinson,   |c 2012 
300 |a 1 Recurso electrn̤ico 
506 |d vLex Global  |d vLex Global (Academic Edition, excluding Law Schools)  |d vLex Global (U.S. Academic Edition, Law Schools)  |d vLex Global (U.S. Academic Edition, excluding Law Schools)  |d vLex Global (Academic Edition, Law Schools) 
650 0 4 |a Derecho civil  |z Espaą 
650 0 4 |a Obligaciones y contratos  |z Espaą 
650 0 4 |a Consumidores usuarios  |z Espaą 
650 0 4 |a Draft 
740 |a vLex Libros (Servicios en ln̕ea) 
856 |a Acceso restringido  |u http://www.vlex.com/source/6947 
942 |c BOOK 
999 0 |a Civil law